Fiugres in Greek Mythology - Statistics

General Stats
  • This quiz has been taken 69 times
  • The average score is 10 of 15
Answer Stats
Hint Answer % Correct
Goddess of beauty and love, born from seafoam Aphrodite
96%
Goddess of wisdom, warcraft, and the patron of the city of Athens Athena
96%
Slayer of Medusa and the Gorgons Perseus
93%
Personification and goddess of Earth Gaia
89%
The ancient god the sun, sometimes called a titan Helios
87%
Roman name for Hades Pluto
85%
Winged goddess of victory and athletes Nike
83%
Greek personification and goddes of the night, feared by zeus Nyx
81%
Cheif goddess of magic, and spells Hecate
78%
Also known as the goddess of a river in the underworld(personification), Godess of hatred and oath Styx
72%
A monsterous she-snake, wife of typhon, mother of the chimera Echidna
57%
One of the 9 greek muses of epic poetry and cheif of the muses Calliope
41%
The immortal wife of Posiedon and mother of Triton Amphritite
20%
Goddess of force and strength Bia
17%
God of jelousy, envy, and dedication Zelus
13%
No matching quizzes found
Score Distribution
Percent of People with Each Score
Percentile by Number Answered
Your Score History
You have not taken this quiz